|
|
|
|
| LEADER |
00000nab a2200000uu 4500 |
| 001 |
vtls011451373 |
| 003 |
SK-MaSNL |
| 005 |
20260303153937.0 |
| 008 |
230222|2009 xo |||||||||||||||||eng| |
| 015 |
|
|
|a SNBRB
|
| 035 |
|
|
|a (urnnbn)urn:nbn:sk:snk:ar-006l7f
|
| 035 |
|
|
|a (uuid)96ccf3fd-2d86-46bb-9df0-85b098f7d14d
|
| 035 |
|
|
|a urn:nbn:sk:snk-abcnck
|
| 040 |
|
|
|a SNKBUCL
|b slo
|c SNKBUCL
|e AACR2
|
| 041 |
0 |
|
|a eng
|
| 044 |
|
|
|a xo
|c SK
|
| 100 |
1 |
|
|a Hönschová, Erika
|4 aut
|9 598720
|
| 245 |
1 |
0 |
|a ON ASYMPTOTIC LINEARITY OF L-ESTIMATES
|c Erika Hönschová, František Rublík
|
| 700 |
1 |
|
|a Rublík, František
|4 aut
|9 784447
|
| 773 |
0 |
|
|t Mathematica Slovaca
|g Roč. 59, č. 6 (2009), s. [667]-678
|
| 958 |
|
|
|a OND
|
| 958 |
|
|
|a EUIPO
|
| 958 |
|
|
|a article16
|
| 999 |
|
|
|c 2030922
|d 2032852
|